[Event "Bad Wörishofen op 2012 28th"]
[Site "Bad Wörishofen (2.3.-10.3)"]
[Date "2012.03.04"]
[Round "3.78"]
[White "Ellinger, Peter"]
[Black "Herrmann, Matthias(07.62)"]
[Result "1-0"]
[WhiteElo "1923"]
[BlackElo "1775"]
[PlyCount "25"]
[EventDate "2012.03.??"]
[EventType "swiss"]
[EventRounds "9"]
[EventCountry "GER"]
[SourceDate "2013.02.18"]
[WhiteTeam "Lister Turm SK(DBSB)"]
[BlackTeam "Karlsbad SF"]

1. e4 d5 2. exd5 Qxd5 3. Nc3 Qa5 4. Bc4 c6 5. d3 Bf5 6. Bd2 e6 7. Qe2 Nd7 8. g4
Bg6 9. f4 Ne7 10. Nb5 Qb6 11. Nd6+ Kd8 12. O-O-O Nd5 13. Ba5 1-0

[Event "Bad Wörishofen op 2012 28th"]
[Site "Bad Wörishofen (2.3.-10.3)"]
[Date "2012.03.04"]
[Round "3.80"]
[White "Urban, Rudolf"]
[Black "Lang, Ludwig"]
[Result "1-0"]
[WhiteElo "1836"]
[BlackElo "1117"]
[PlyCount "27"]
[EventDate "2012.03.??"]
[EventType "swiss"]
[EventRounds "9"]
[EventCountry "GER"]
[SourceDate "2013.02.18"]
[WhiteTeam "München RTA"]
[BlackTeam "Bobingen SK"]

1. d4 Nf6 2. Nf3 d5 3. Bf4 e6 4. e3 Bd6 5. Bg3 O-O 6. Bd3 Nc6 7. c3 Re8 8. Ne5
Bxe5 9. dxe5 Ne4 10. Qf3 Ng5 11. Qh5 g6 12. Qh6 Ne4 13. Bh4 Qd7 14. Bf6 1-0

[Event "Bad Wörishofen op 2012 28th"]
[Site "Bad Wörishofen (2.3.-10.3)"]
[Date "2012.03.04"]
[Round "3.82"]
[White "Schiffer, Steve"]
[Black "Taufratshofer, Martin"]
[Result "1-0"]
[WhiteElo "1990"]
[BlackElo "1854"]
[PlyCount "79"]
[EventDate "2012.03.??"]
[EventType "swiss"]
[EventRounds "9"]
[EventCountry "GER"]
[SourceDate "2013.02.18"]
[WhiteTeam "Darmstadt Schachforum SV"]
[BlackTeam "Obergünzburg SC"]

1. e4 g6 2. d4 Bg7 3. Nf3 d6 4. Be2 Nf6 5. Nc3 O-O 6. O-O a6 7. a4 b6 8. Re1
Bb7 9. Bf1 c5 10. Bg5 h6 11. Bd2 cxd4 12. Nxd4 Kh7 13. Nf3 Nbd7 14. h3 Rc8 15.
Nh2 Ne5 16. Ng4 Nc4 17. Bxc4 Rxc4 18. Nxf6+ Bxf6 19. Qf3 Bg7 20. b3 Rc7 21.
Rac1 f5 22. Qd3 Bxc3 23. Bxc3 fxe4 24. Qe3 Qc8 25. Bd2 g5 26. Qxb6 d5 27. c4
dxc4 28. Rxc4 Rxc4 29. bxc4 Rf6 30. Qb4 Re6 31. c5 Qc6 32. Re3 Re5 33. f3 Rxc5
34. Rxe4 e6 35. Be3 Rf5 36. Qe7+ Kg8 37. Rxe6 Rf7 38. Qd8+ Rf8 39. Rxc6 Rxd8
40. Rxh6 1-0

[Event "Bad Wörishofen op 2012 28th"]
[Site "Bad Wörishofen (2.3.-10.3)"]
[Date "2012.03.04"]
[Round "3.83"]
[White "Ries, Heinz-Gerd Dr"]
[Black "Wilms, Robert"]
[Result "1-0"]
[WhiteElo "1740"]
[BlackElo "1867"]
[PlyCount "81"]
[EventDate "2012.03.??"]
[EventType "swiss"]
[EventRounds "9"]
[EventCountry "GER"]
[SourceDate "2013.02.18"]
[WhiteTeam "Muengersdorf SF"]
[BlackTeam "Hamburg 1934 SF"]

1. d4 d5 2. c4 e6 3. Nc3 Nf6 4. Bg5 Be7 5. e3 c6 6. Nf3 h6 7. Bh4 O-O 8. Bd3
dxc4 9. Bxc4 b5 10. Bd3 Bb7 11. O-O a6 12. Rc1 Nbd7 13. a3 c5 14. Qe2 c4 15.
Bb1 Rc8 16. Rfd1 Nd5 17. Bg3 Nxc3 18. Rxc3 Qe8 19. e4 Nf6 20. h3 Kh8 21. Ne5
Nd7 22. Nf3 a5 23. Re3 Nb6 24. Qc2 b4 25. axb4 axb4 26. Be5 b3 27. Qd2 Qb5 28.
d5 Bc5 29. Rc3 f6 30. Nd4 Bxd4 31. Bxd4 Na4 32. Rg3 e5 33. Be3 g5 34. h4 c3 35.
bxc3 Nxc3 36. Bd3 Qd7 37. Rc1 Nxe4 38. Bxe4 f5 39. hxg5 fxe4 40. Rxc8 Rxc8 41.
d6 1-0

[Event "Bad Wörishofen op 2012 28th"]
[Site "Bad Wörishofen (2.3.-10.3)"]
[Date "2012.03.04"]
[Round "3.84"]
[White "Marzec, Witold"]
[Black "Bangert, Ruediger"]
[Result "1-0"]
[WhiteElo "1729"]
[BlackElo "1463"]
[PlyCount "61"]
[EventDate "2012.03.??"]
[EventType "swiss"]
[EventRounds "9"]
[EventCountry "GER"]
[SourceDate "2013.02.18"]
[WhiteTeam "Bonner SG "L""]
[BlackTeam "GER/Erlangen Siemens SG"]
[BlackTeamCountry "GER"]

1. d4 Nf6 2. c4 g6 3. Nc3 Bg7 4. e4 d6 5. h3 Nc6 6. Nf3 b6 7. Be2 Bb7 8. a3 e5
9. d5 Ne7 10. O-O O-O 11. Ne1 c6 12. Bd2 cxd5 13. cxd5 Nd7 14. b4 f5 15. f3 f4
16. Nb5 Nf6 17. Rc1 Nh5 18. Nd3 a6 19. Nc3 Rc8 20. Nb2 Nf6 21. Be1 Kh8 22. Bf2
b5 23. a4 bxa4 24. Nbxa4 Ne8 25. Nb6 Rc7 26. Qa4 Nc8 27. Qa5 Nf6 28. Bxa6 Bxa6
29. Qxa6 Ra7 30. Qxc8 Qe7 31. Qc4 1-0

[Event "Bad Wörishofen op 2012 28th"]
[Site "Bad Wörishofen (2.3.-10.3)"]
[Date "2012.03.04"]
[Round "3.85"]
[White "Bigott, Martin"]
[Black "Sauerwein, Martin"]
[Result "1-0"]
[WhiteElo "1778"]
[BlackElo "1334"]
[PlyCount "43"]
[EventDate "2012.03.??"]
[EventType "swiss"]
[EventRounds "9"]
[EventCountry "GER"]
[SourceDate "2013.02.18"]
[WhiteTeam "Lohmar SF"]
[BlackTeam "Kaufbeuren SC"]

1. e4 c5 2. Nf3 d6 3. c3 Nc6 4. d4 Nxd4 5. cxd4 e6 6. Nc3 Nf6 7. Be2 a6 8. O-O
Be7 9. h3 b5 10. a3 Bb7 11. b4 O-O 12. Be3 d5 13. e5 Nd7 14. Qd2 Nb6 15. Qc2
Nc4 16. Nd2 Nxd2 17. Qxd2 f6 18. f4 Qd7 19. Bf3 fxe5 20. fxe5 cxb4 21. axb4
Bxb4 22. Qd3 1-0

[Event "Bad Wörishofen op 2012 28th"]
[Site "Bad Wörishofen (2.3.-10.3)"]
[Date "2012.03.04"]
[Round "3.86"]
[White "Herold, Gunther"]
[Black "Fischer, Peter(57)"]
[Result "1/2-1/2"]
[WhiteElo "1723"]
[BlackElo "1436"]
[PlyCount "35"]
[EventDate "2012.03.??"]
[EventType "swiss"]
[EventRounds "9"]
[EventCountry "GER"]
[SourceDate "2013.02.18"]
[WhiteTeam "Obergünzburg SC"]
[BlackTeam "Memmingen Post SV"]

1. f4 e6 2. Nf3 d5 3. e3 Nf6 4. b3 g6 5. Bb2 Bg7 6. Be2 O-O 7. O-O c5 8. h3 Nh5
9. Bxg7 Nxg7 10. Qe1 Nc6 11. c3 Ne7 12. c4 f6 13. d4 Qc7 14. Nbd2 Bd7 15. Kh2
Rac8 16. Rc1 Qa5 17. dxc5 Qxc5 18. Bd3 1/2-1/2

[Event "Bad Wörishofen op 2012 28th"]
[Site "Bad Wörishofen (2.3.-10.3)"]
[Date "2012.03.04"]
[Round "3.87"]
[White "Di Cicco, Daniela"]
[Black "Auschkalnis, Reinhard"]
[Result "0-1"]
[WhiteElo "1071"]
[BlackElo "1696"]
[PlyCount "90"]
[EventDate "2012.03.??"]
[EventType "swiss"]
[EventRounds "9"]
[EventCountry "GER"]
[SourceDate "2013.02.18"]
[WhiteTeam "ITA/Italien"]
[BlackTeam "Bonn Beuel SC"]
[WhiteTeamCountry "ITA"]

1. d4 d5 2. Bf4 e6 3. Nf3 Bd6 4. Bxd6 Qxd6 5. e3 Qb4+ 6. Nbd2 Qxb2 7. Qb1 Qxb1+
8. Rxb1 b6 9. Bd3 Bb7 10. c3 Nf6 11. O-O O-O 12. Rfe1 Nbd7 13. e4 dxe4 14. Nxe4
Bxe4 15. Bxe4 Nxe4 16. Rxe4 c5 17. a3 Rac8 18. a4 cxd4 19. cxd4 Rc4 20. Ra1
Rfc8 21. Ree1 Nf6 22. h3 h6 23. g4 Nd5 24. a5 b5 25. Kg2 a6 26. Kg3 Nb4 27.
Red1 Nc2 28. Rac1 Nb4 29. Rxc4 Rxc4 30. Kf4 f6 31. Ke4 Nd5 32. Nd2 Nc3+ 33. Kd3
Nxd1 34. Nxc4 bxc4+ 35. Kxc4 Nxf2 36. Kc5 Nd3+ 37. Kc4 Nf4 38. h4 Nd5 39. Kc5
Kf7 40. Kc6 Ke7 41. Kb7 Nb4 42. Kb6 Kd6 43. h5 e5 44. dxe5+ fxe5 45. Kb7 e4 0-1

[Event "Bad Wörishofen op 2012 28th"]
[Site "Bad Wörishofen (2.3.-10.3)"]
[Date "2012.03.04"]
[Round "3.88"]
[White "Feicht, Roland"]
[Black "Humburg, Eduard"]
[Result "1-0"]
[WhiteElo "1565"]
[BlackElo "1179"]
[PlyCount "41"]
[EventDate "2012.03.??"]
[EventType "swiss"]
[EventRounds "9"]
[EventCountry "GER"]
[SourceDate "2013.02.18"]
[WhiteTeam "Augsburg Rochade SK"]
[BlackTeam "Wolfratshausen SC"]

1. e4 e5 2. Nf3 Nc6 3. d4 exd4 4. Nxd4 Ne5 5. Be3 Nf6 6. f3 Nh5 7. Qe2 Qh4+ 8.
Bf2 Qe7 9. Nc3 Nf4 10. Qd2 Nfg6 11. O-O-O a5 12. Ndb5 d6 13. Nd5 Nc4 14. Bxc4
Qe5 15. Nbxc7+ Kd7 16. Nxa8 Ke6 17. Qxa5 Qg5+ 18. Kb1 b6 19. Nac7+ Kd7 20. Qb5+
Kd8 21. Qe8# 1-0

[Event "Bad Wörishofen op 2012 28th"]
[Site "Bad Wörishofen (2.3.-10.3)"]
[Date "2012.03.05"]
[Round "4.2"]
[White "Epishin, Vladimir"]
[Black "Mainka, Romuald"]
[Result "1/2-1/2"]
[WhiteElo "2592"]
[BlackElo "2432"]
[PlyCount "55"]
[EventDate "2012.03.??"]
[EventType "swiss"]
[EventRounds "9"]
[EventCountry "GER"]
[SourceDate "2013.02.18"]
[WhiteTeam "RUS/Rußland"]
[BlackTeam "Dortmund Hansa SC"]
[WhiteTeamCountry "RUS"]

1. d4 d5 2. c4 c6 3. Nf3 Nf6 4. Qb3 dxc4 5. Qxc4 Bf5 6. g3 e6 7. Bg2 Be7 8. O-O
O-O 9. e3 Nbd7 10. Rd1 Rc8 11. Nc3 Ne4 12. Bd2 Qb6 13. Nxe4 Bxe4 14. Bc3 Qc7
15. Qe2 b5 16. a3 Qb7 17. b4 Nb6 18. Ne1 Bxg2 19. Nxg2 Na4 20. Rac1 a5 21. Be1
axb4 22. Bxb4 Bxb4 23. axb4 Qe7 24. Qd2 e5 25. dxe5 Qxe5 26. Ne1 Qh5 27. Nd3
Rfd8 28. Qc2 1/2-1/2

[Event "Bad Wörishofen op 2012 28th"]
[Site "Bad Wörishofen (2.3.-10.3)"]
[Date "2012.03.05"]
[Round "4.10"]
[White "Babar, Michael"]
[Black "Vasilevich, Tatjana"]
[Result "0-1"]
[WhiteElo "2161"]
[BlackElo "2379"]
[PlyCount "76"]
[EventDate "2012.03.??"]
[EventType "swiss"]
[EventRounds "9"]
[EventCountry "GER"]
[SourceDate "2013.02.18"]
[WhiteTeam "Dortmund Hansa SC"]
[BlackTeam "Aue Nickelhütte ESV"]

1. e4 c5 2. Nf3 e6 3. d4 cxd4 4. Nxd4 Nc6 5. Nc3 Qc7 6. Be3 a6 7. Qd2 Nf6 8.
O-O-O Bb4 9. f3 O-O 10. g4 Ne5 11. g5 Nh5 12. a3 Bxc3 13. Qxc3 Qxc3 14. bxc3 d5
15. Be2 Ng6 16. exd5 exd5 17. c4 Ngf4 18. cxd5 Nxd5 19. Bd2 Nhf4 20. Rhe1 Bh3
21. Bf1 Bxf1 22. Rxf1 Rfc8 23. Bxf4 Nxf4 24. Rfe1 Kf8 25. Re4 Nh3 26. Rh4 Nxg5
27. f4 Ne4 28. Rxh7 Kg8 29. Rh5 Rc4 30. Re5 Nc3 31. Rd2 Rd8 32. Nb3 Rxd2 33.
Kxd2 Nb5 34. Re7 Rxf4 35. Rxb7 Nxa3 36. Kd3 Rf3+ 37. Ke4 Rc3 38. Rb8+ Kh7 0-1

[Event "Bad Wörishofen op 2012 28th"]
[Site "Bad Wörishofen (2.3.-10.3)"]
[Date "2012.03.05"]
[Round "4.11"]
[White "Ivanov, Mikhail M(69)"]
[Black "Pfretzschner, Roland"]
[Result "1-0"]
[WhiteElo "2368"]
[BlackElo "2166"]
[PlyCount "123"]
[EventDate "2012.03.??"]
[EventType "swiss"]
[EventRounds "9"]
[EventCountry "GER"]
[SourceDate "2013.02.18"]
[WhiteTeam "Bad Mergentheim SF"]
[BlackTeam "Plauen König SK"]

1. Nf3 c5 2. c4 Nf6 3. Nc3 Nc6 4. g3 d5 5. cxd5 Nxd5 6. Bg2 Nc7 7. O-O e5 8. a3
f6 9. e3 Be7 10. d4 cxd4 11. exd4 Bg4 12. dxe5 Qxd1 13. Rxd1 fxe5 14. h3 Bh5
15. g4 Bg6 16. Re1 O-O-O 17. Nxe5 Nxe5 18. Rxe5 Bf6 19. Re1 Rd3 20. Bf4 Rf8 21.
Bxc7 Kxc7 22. Nd5+ Kd6 23. Nxf6 Rxf6 24. Rad1 Rxd1 25. Rxd1+ Ke7 26. Rc1 Kd8
27. b4 b6 28. Rd1+ Kc7 29. Rd4 Re6 30. Rc4+ Kd8 31. Bf3 Rd6 32. Rc3 Rd4 33. Kg2
Be4 34. Bxe4 Rxe4 35. Rd3+ Kc7 36. Rc3+ Kd7 37. Kf3 Re1 38. Re3 Rb1 39. Ke4 a5
40. bxa5 bxa5 41. f4 Ke6 42. Kd4+ Kf6 43. Re5 Rd1+ 44. Kc4 Rf1 45. Rf5+ Ke6 46.
Kb5 Rf3 47. a4 Rxh3 48. Kxa5 Rh4 49. Re5+ Kf6 50. g5+ Kg6 51. Re4 Kf5 52. Rb4
h6 53. gxh6 gxh6 54. Kb5 Rg4 55. a5 h5 56. a6 h4 57. a7 Rg8 58. Kc6 Rg6+ 59.
Kb7 Rg7+ 60. Ka6 Rg8 61. Rb8 Rg1 62. Rf8+ 1-0

[Event "Bad Wörishofen op 2012 28th"]
[Site "Bad Wörishofen (2.3.-10.3)"]
[Date "2012.03.05"]
[Round "4.12"]
[White "Estremera Panos, Sergio"]
[Black "Lampert, Jonas"]
[Result "1/2-1/2"]
[WhiteElo "2258"]
[BlackElo "2216"]
[PlyCount "31"]
[EventDate "2012.03.??"]
[EventType "swiss"]
[EventRounds "9"]
[EventCountry "GER"]
[SourceDate "2013.02.18"]
[WhiteTeam "ESP/Spanien"]
[BlackTeam "Hamburger SK"]
[WhiteTeamCountry "ESP"]

1. c4 e5 2. d3 Nf6 3. Nc3 Nc6 4. Nf3 Bc5 5. e3 O-O 6. Be2 d5 7. cxd5 Nxd5 8.
O-O Be6 9. a3 Be7 10. Bd2 f5 11. b4 Bf6 12. Rc1 Nxc3 13. Bxc3 a6 14. Qc2 Qd7
15. Qb2 Qd5 16. Rfd1 1/2-1/2

[Event "Bad Wörishofen op 2012 28th"]
[Site "Bad Wörishofen (2.3.-10.3)"]
[Date "2012.03.05"]
[Round "4.15"]
[White "Melamed, Tetyana"]
[Black "Remensberger, Paul"]
[Result "1-0"]
[WhiteElo "2332"]
[BlackElo "2122"]
[PlyCount "85"]
[EventDate "2012.03.??"]
[EventType "swiss"]
[EventRounds "9"]
[EventCountry "GER"]
[SourceDate "2013.02.18"]
[WhiteTeam "Magdeburg  Aufbau Elbe SG"]
[BlackTeam "SUI/Schweiz"]
[BlackTeamCountry "SUI"]

1. e4 e6 2. d4 d5 3. Nc3 Nc6 4. Nf3 Nf6 5. e5 Ne4 6. Ne2 Be7 7. Ng3 O-O 8. Bd3
Ng5 9. Nxg5 Bxg5 10. Qh5 h6 11. f4 Bh4 12. c3 f5 13. Be3 Bd7 14. O-O Bxg3 15.
hxg3 Be8 16. Qf3 Bg6 17. c4 Ne7 18. b3 c6 19. Rfd1 Qe8 20. Be2 a6 21. Bc1 Rf7
22. Ba3 Qd8 23. Qc3 a5 24. Bc5 Nc8 25. a4 Rd7 26. Rac1 Bf7 27. g4 Qh4 28. gxf5
exf5 29. Qe3 Be6 30. g3 Qd8 31. Kf2 Ne7 32. Bf3 Qe8 33. Bd6 Qf7 34. Qe2 Nc8 35.
Bc5 g6 36. Rh1 b6 37. cxd5 Bxd5 38. e6 Qxe6 39. Bxd5 Qxd5 40. Qe8+ Kh7 41.
Rxh6+ Kxh6 42. Qh8+ Rh7 43. Bf8+ 1-0

[Event "Bad Wörishofen op 2012 28th"]
[Site "Bad Wörishofen (2.3.-10.3)"]
[Date "2012.03.05"]
[Round "4.20"]
[White "Loetscher, Roland"]
[Black "Bartels, Holger"]
[Result "1-0"]
[WhiteElo "2330"]
[BlackElo "2046"]
[PlyCount "73"]
[EventDate "2012.03.??"]
[EventType "swiss"]
[EventRounds "9"]
[EventCountry "GER"]
[SourceDate "2013.02.18"]
[WhiteTeam "Garching SC"]
[BlackTeam "Hamburg Diogenes SC"]

1. d4 d5 2. c4 e6 3. Nf3 Nf6 4. g3 Bb4+ 5. Bd2 Bd6 6. Bg2 c6 7. Qc2 Nbd7 8. O-O
O-O 9. Bf4 Bxf4 10. gxf4 b6 11. Nbd2 Bb7 12. b4 dxc4 13. Nxc4 Qc7 14. Nce5 Rac8
15. Rfd1 h6 16. f5 exf5 17. Qxf5 Qd6 18. Rac1 Rfd8 19. a3 Qe7 20. Nd2 Nb8 21.
Ndc4 Rc7 22. e4 Bc8 23. Qf4 Be6 24. Ne3 Rcc8 25. h3 Bb3 26. Nf5 Qf8 27. Rd3 g5
28. Qe3 Be6 29. Ng3 Qd6 30. h4 c5 31. bxc5 bxc5 32. Rxc5 Nh7 33. hxg5 hxg5 34.
Bf1 f6 35. Nf3 Bc4 36. Rc3 Rxc5 37. dxc5 1-0

[Event "Bad Wörishofen op 2012 28th"]
[Site "Bad Wörishofen (2.3.-10.3)"]
[Date "2012.03.05"]
[Round "4.21"]
[White "Matzat, Andre"]
[Black "Wichmann, Cliff"]
[Result "0-1"]
[WhiteElo "2024"]
[BlackElo "2276"]
[PlyCount "86"]
[EventDate "2012.03.??"]
[EventType "swiss"]
[EventRounds "9"]
[EventCountry "GER"]
[SourceDate "2013.02.18"]
[WhiteTeam "Borbeck Weiße Dame"]
[BlackTeam "Aue Nickelhütte ESV"]

1. d4 d5 2. Bf4 Nf6 3. e3 c5 4. c3 Nc6 5. Nd2 a6 6. Ngf3 Bg4 7. Qb3 Na5 8. Qc2
cxd4 9. exd4 Rc8 10. Ne5 Nc6 11. Qb3 Na5 12. Qc2 g6 13. Nxg4 Nxg4 14. Nf3 Bg7
15. Bd3 O-O 16. O-O Nc6 17. Qb3 Na5 18. Qc2 Nc4 19. Rfe1 e6 20. Qe2 Nf6 21.
Bxc4 Rxc4 22. Nd2 Rc6 23. h3 Nd7 24. Qg4 b5 25. a3 a5 26. Re3 b4 27. axb4 axb4
28. Ra7 bxc3 29. bxc3 Nf6 30. Qd1 Qb6 31. Qa4 Nh5 32. Bg5 Rc7 33. Rxc7 Qxc7 34.
g4 Nf6 35. Rf3 Nd7 36. Bf4 Qb7 37. Bd6 Ra8 38. Qb4 Qc6 39. Nb3 Ra4 40. Na5 Rxa5
41. Qxa5 Qxd6 42. Qd8+ Bf8 43. h4 Ne5 0-1

[Event "Bad Wörishofen op 2012 28th"]
[Site "Bad Wörishofen (2.3.-10.3)"]
[Date "2012.03.05"]
[Round "4.22"]
[White "Lodes, Hermann"]
[Black "Friedrich, Norbert(66)"]
[Result "0-1"]
[WhiteElo "2060"]
[BlackElo "2292"]
[PlyCount "102"]
[EventDate "2012.03.??"]
[EventType "swiss"]
[EventRounds "9"]
[EventCountry "GER"]
[SourceDate "2013.02.18"]
[WhiteTeam "GER/Burgsinn SF"]
[BlackTeam "Waldshut-Tiengen SG"]
[WhiteTeamCountry "GER"]

1. d4 d5 2. c4 c6 3. Nc3 Nf6 4. Nf3 e6 5. cxd5 exd5 6. Qc2 g6 7. Bg5 Be7 8. e3
Bf5 9. Bd3 Bxd3 10. Qxd3 Nbd7 11. h3 O-O 12. Bf4 Nb6 13. O-O Bd6 14. Bxd6 Qxd6
15. Ne5 Nbd7 16. f4 Rae8 17. Rae1 Qe7 18. Qc2 Kg7 19. Rf3 Ne4 20. Nxe4 dxe4 21.
Rf2 Nb6 22. f5 f6 23. Nc4 Nd5 24. a3 g5 25. Nd2 a6 26. Nb3 Kh8 27. Nc5 g4 28.
Ne6 Rg8 29. Qxe4 gxh3 30. Qh4 Rxg2+ 31. Rxg2 hxg2 32. e4 Nb6 33. Re3 Nd7 34.
Rh3 Nf8 35. Nxf8 Rxf8 36. e5 Rf7 37. e6 Rg7 38. Qf4 Qd8 39. Re3 c5 40. Re2 cxd4
41. Rxg2 d3 42. Rxg7 Kxg7 43. e7 Qxe7 44. Qg3+ Kf7 45. Qxd3 Qc5+ 46. Kg2 Qb5
47. Qb1 Qe2+ 48. Kg3 h5 49. Qc1 Qg4+ 50. Kh2 Qh4+ 51. Kg2 Qg5+ 0-1

[Event "Bad Wörishofen op 2012 28th"]
[Site "Bad Wörishofen (2.3.-10.3)"]
[Date "2012.03.05"]
[Round "4.23"]
[White "Rahls, Peter"]
[Black "Schiffer, Steve"]
[Result "1/2-1/2"]
[WhiteElo "2101"]
[BlackElo "1990"]
[PlyCount "33"]
[EventDate "2012.03.??"]
[EventType "swiss"]
[EventRounds "9"]
[EventCountry "GER"]
[SourceDate "2013.02.18"]
[WhiteTeam "Berlin Zehlendorf SK"]
[BlackTeam "Darmstadt Schachforum SV"]

1. e4 g6 2. d4 Bg7 3. Nc3 d6 4. g3 Nf6 5. Bg2 O-O 6. Nge2 c6 7. h3 Qc7 8. O-O
e5 9. Be3 Nbd7 10. Qd2 Re8 11. Rad1 a6 12. f4 b5 13. dxe5 dxe5 14. f5 Bb7 15.
g4 Rad8 16. Qe1 b4 17. Na4 1/2-1/2

[Event "Bad Wörishofen op 2012 28th"]
[Site "Bad Wörishofen (2.3.-10.3)"]
[Date "2012.03.05"]
[Round "4.24"]
[White "Astengo, Corrado"]
[Black "Schaefer, Michael(59)"]
[Result "1/2-1/2"]
[WhiteElo "2098"]
[BlackElo "2135"]
[PlyCount "51"]
[EventDate "2012.03.??"]
[EventType "swiss"]
[EventRounds "9"]
[EventCountry "GER"]
[SourceDate "2013.02.18"]
[WhiteTeam "ITA/Italien Milanese"]
[BlackTeam "Mörlenbach-Birkenau FB"]
[WhiteTeamCountry "ITA"]

1. e4 d6 2. d4 Nf6 3. Nc3 e5 4. Nf3 Nbd7 5. Bc4 Be7 6. O-O O-O 7. Re1 c6 8. a4
b6 9. d5 cxd5 10. Nxd5 Nxd5 11. Bxd5 Rb8 12. b3 Nf6 13. Bc4 Bb7 14. Bd3 d5 15.
exd5 e4 16. Bxe4 Nxe4 17. Rxe4 Bf6 18. Ba3 Qxd5 19. Re1 Bxa1 20. Qxd5 Bxd5 21.
Bxf8 Bc3 22. Re3 Rc8 23. Bd6 Be6 24. h3 h6 25. Re2 Bf5 26. Bf4 1/2-1/2

[Event "Bad Wörishofen op 2012 28th"]
[Site "Bad Wörishofen (2.3.-10.3)"]
[Date "2012.03.05"]
[Round "4.25"]
[White "Gaerths, Ronny"]
[Black "Koenig, Falk"]
[Result "1-0"]
[WhiteElo "2184"]
[BlackElo "1949"]
[PlyCount "67"]
[EventDate "2012.03.??"]
[EventType "swiss"]
[EventRounds "9"]
[EventCountry "GER"]
[SourceDate "2013.02.18"]
[WhiteTeam "Kreuzberg SC"]
[BlackTeam "Vonkeln SF"]

1. d4 d5 2. Nf3 c6 3. Bf4 Nf6 4. e3 Bf5 5. c4 Bxb1 6. Qxb1 e6 7. a3 Bd6 8. Bg5
Nbd7 9. Bd3 h6 10. Bh4 dxc4 11. Bxc4 Qa5+ 12. b4 Qc7 13. Qb3 O-O 14. O-O e5 15.
dxe5 Nxe5 16. Bxf6 gxf6 17. Nh4 Qd7 18. Be2 Qe6 19. Qc2 Kh8 20. Qf5 Rg8 21.
Rad1 Bf8 22. Bd3 Nxd3 23. Rxd3 Qxf5 24. Nxf5 a5 25. Rd7 axb4 26. axb4 b5 27.
Nd4 Bxb4 28. Nxc6 Bc3 29. g3 b4 30. Rb7 Ra2 31. Rb1 Rc8 32. Nxb4 Bxb4 33. R1xb4
Rcc2 34. Rxf7 1-0

[Event "Bad Wörishofen op 2012 28th"]
[Site "Bad Wörishofen (2.3.-10.3)"]
[Date "2012.03.05"]
[Round "4.26"]
[White "Roemhild, Marcus"]
[Black "Kauch, Markus"]
[Result "1/2-1/2"]
[WhiteElo "2048"]
[BlackElo "2127"]
[PlyCount "39"]
[EventDate "2012.03.??"]
[EventType "swiss"]
[EventRounds "9"]
[EventCountry "GER"]
[SourceDate "2013.02.18"]
[WhiteTeam "Lippstadt Turm LSV"]
[BlackTeam "SUI/Stäfa SC (Dotzheim TuS)"]
[BlackTeamCountry "SUI"]

1. d4 Nf6 2. c4 c5 3. d5 e6 4. Nc3 exd5 5. cxd5 d6 6. e4 g6 7. f4 Bg7 8. Nf3
O-O 9. Be2 Re8 10. e5 dxe5 11. fxe5 Ng4 12. e6 fxe6 13. d6 Bd7 14. O-O Nc6 15.
Bg5 Qb6 16. Qd2 Nd4 17. h3 Ne5 18. Nxe5 Bxe5 19. Bf6 c4 20. Kh1 1/2-1/2

[Event "Bad Wörishofen op 2012 28th"]
[Site "Bad Wörishofen (2.3.-10.3)"]
[Date "2012.03.05"]
[Round "4.28"]
[White "Guttenthaler, Franz"]
[Black "Schweizer, Manfred(59)"]
[Result "1-0"]
[WhiteElo "2153"]
[BlackElo "2004"]
[PlyCount "71"]
[EventDate "2012.03.??"]
[EventType "swiss"]
[EventRounds "9"]
[EventCountry "GER"]
[SourceDate "2013.02.18"]
[WhiteTeam "Germering SK"]
[BlackTeam "Memmingen Post SV"]

1. d4 Nf6 2. c4 c5 3. d5 e6 4. Nc3 exd5 5. cxd5 d6 6. e4 g6 7. f4 Bg7 8. Nf3
O-O 9. Be2 Re8 10. e5 dxe5 11. fxe5 Ng4 12. e6 fxe6 13. d6 Bd7 14. O-O Nc6 15.
Bg5 Qb6 16. Qd2 Nd4 17. h3 Ne5 18. Nxe5 Bxe5 19. Bf6 c4 20. Kh1 Bxf6 21. Rxf6
Nf5 22. Ne4 Bc6 23. Rxf5 Bxe4 24. Re5 Qc6 25. Bg4 Bd5 26. Rae1 Qxd6 27. Bxe6+
Rxe6 28. Rxe6 Qxe6 29. Rxe6 Bxe6 30. Qe3 Kf7 31. Qf3+ Kg8 32. Qxb7 Rd8 33. Qxa7
Rd3 34. Qf2 Bd5 35. Kh2 Kg7 36. a4 1-0

[Event "Bad Wörishofen op 2012 28th"]
[Site "Bad Wörishofen (2.3.-10.3)"]
[Date "2012.03.05"]
[Round "4.29"]
[White "Mader, Manuela"]
[Black "Deues, Erik"]
[Result "1-0"]
[WhiteElo "2156"]
[BlackElo "1987"]
[PlyCount "95"]
[EventDate "2012.03.??"]
[EventType "swiss"]
[EventRounds "9"]
[EventCountry "GER"]
[SourceDate "2013.02.18"]
[WhiteTeam "Ettlingen SK"]
[BlackTeam "Germering SK"]

1. e4 c5 2. c3 d5 3. exd5 Qxd5 4. d4 g6 5. dxc5 Qxc5 6. Be3 Qc7 7. Na3 a6 8.
Qb3 Be6 9. Bc4 Bxc4 10. Nxc4 Nd7 11. O-O-O Ngf6 12. Nb6 Nxb6 13. Bxb6 Bh6+ 14.
Kb1 Qc6 15. Nf3 O-O 16. h4 e6 17. Ka1 Nd5 18. Bd4 f6 19. g4 Bg7 20. Rhe1 Nf4
21. Ng1 Rad8 22. Ne2 Nxe2 23. Rxe2 Rfe8 24. Be3 Kh8 25. a3 Qf3 26. Red2 Rxd2
27. Rxd2 Qc6 28. Qb6 Qxb6 29. Bxb6 Bf8 30. Rd7 Re7 31. Rd8 Kg7 32. g5 fxg5 33.
hxg5 e5 34. Ka2 Rf7 35. Rd5 Rf5 36. Be3 e4 37. Rd7+ Rf7 38. Rd8 Rc7 39. Re8 Re7
40. Rd8 Rc7 41. Kb3 Kf7 42. Bf4 Re7 43. Bd6 Ke6 44. Bxe7 Bxe7 45. Rh8 Bc5 46.
Kc4 b6 47. b4 Bxf2 48. Re8+ 1-0

[Event "Bad Wörishofen op 2012 28th"]
[Site "Bad Wörishofen (2.3.-10.3)"]
[Date "2012.03.05"]
[Round "4.30"]
[White "Jameson, David"]
[Black "Ballon, Guenther Jan"]
[Result "1/2-1/2"]
[WhiteElo "2067"]
[BlackElo "2164"]
[PlyCount "36"]
[EventDate "2012.03.??"]
[EventType "swiss"]
[EventRounds "9"]
[EventCountry "GER"]
[SourceDate "2013.02.18"]
[WhiteTeam "Starnberg SC"]
[BlackTeam "NED/Niederlande"]
[BlackTeamCountry "NED"]

1. c4 c6 2. e4 e5 3. Nf3 d6 4. d4 Bg4 5. Be2 Nd7 6. Nc3 Ngf6 7. O-O Qc7 8. Be3
Be7 9. h3 Bxf3 10. Bxf3 O-O 11. Qc2 b6 12. Rac1 h6 13. Rfd1 Rfe8 14. Rd2 Rad8
15. Rcd1 Nf8 16. b4 Ng6 17. g3 Qb8 18. Bg2 Qc7 1/2-1/2